Prueba de Indonesia - Estadísticas

Estadísticas generales
  • Esta prueba ha sido intentada 963 veces
  • La puntuación promedio es 14 de 23
Estadísticas de respuestas
Pista Respuesta % Correcto
Capital Yakarta
95%
Países que limitan con Indonesia Malasia
94%
Indonesia sufrió 130.000 muertes por este tipo de desastre en 2004 Tsunami
92%
El 87,2% de los indonesios pertenecen a esta religión Islam
91%
Países que limitan con Indonesia Papua Nueva Guinea
89%
Países que limitan con Indonesia Timor Oriental
86%
Animal nacional Dragón de {Komodo}
80%
Las islas más grandes Borneo
77%
País que colonizó Indonesia Países Bajos
77%
Las islas más grandes Java
75%
Indonesia tiene la mayor población de este gran simio Orangután
75%
La isla turística más famosa Bali
72%
Las islas más grandes Sumatra
67%
Borobudur es el _____ más grande del mundo Templo {Budista}
58%
Erupciones volcánicas mayores del siglo XIX (nombra cualquiera) Krakatoa | Tambora
51%
Las islas más grandes Célebes
40%
Las islas más grandes Nueva Guinea
39%
Rafflesia arnoldii es el más grande del mundo, y posiblemente el que peor huele, uno de estos Flor
36%
Moneda de Indonesia Rupia
35%
Famosa exportación de los siglos XVII y XVIII Especias
33%
Capital de la respuesta anterior Denpasar
24%
Los dos primeros Presidentes de Indonesia (nombra cualquiera) Sukarno | Suharto
23%
El Supervolcán que entró en erupción hace 74.000 años, casi causando la extinción de los humanos Lago {Toba}
14%
No se encontraron pruebas coincidentes
Distribución de puntuación
Porcentaje de gente con cada puntuación
Porcentaje por número respondido
Historial de tus puntuaciones
No has intentado esta prueba.